Language and truth in Buddhism / (Record no. 38309)

MARC details
000 -LEADER
fixed length control field 00794nam a22002297a 4500
005 - DATE AND TIME OF LATEST TRANSACTION
control field 20100730153012.0
010 ## - LCCN (DPL NO)
LC control number ENG-97429
020 ## - INTERNATIONAL STANDARD BOOK NUMBER
International Standard Book Number 8172112912
Terms of availability 600.00
020 ## - INTERNATIONAL STANDARD BOOK NUMBER
International Standard Book Number 9788172112912
Terms of availability 600.00
035 ## - SYSTEM CONTROL NUMBER
System control number EN-80962
037 ## - SOURCE OF ACQUISITION
Source of stock number/acquisition DBAD/PUB
082 ## - DEWEY DECIMAL CLASSIFICATION NUMBER
Classification number 250
245 ## - TITLE STATEMENT
Title Language and truth in Buddhism /
Statement of responsibility, etc edited by Ragunath Ghosh [and] Jyotish Chandra Basak
260 ## - PUBLICATION, DISTRIBUTION, ETC. (IMPRINT)
Place of publication, distribution, etc New Delhi
Name of publisher, distributor, etc Northern Book Centre
Date of publication, distribution, etc 2010
270 ## - ADDRESS
Address 4221/1, Ansari Road, Daryaganj
City New Delhi
Postal code 110002
300 ## - PHYSICAL DESCRIPTION
Extent xiv, 180p.
Dimensions 21cm (Hb)
500 ## - GENERAL NOTE
General note Includes index
700 ## - ADDED ENTRY--PERSONAL NAME
Personal name Ghosh, Raghunath
9 (RLIN) 2780
700 ## - ADDED ENTRY--PERSONAL NAME
Personal name Basak, Jyotish Chandra
9 (RLIN) 2781
942 ## - ADDED ENTRY ELEMENTS (KOHA)
Source of classification or shelving scheme Dewey Decimal Classification
Item type English Books
Classification part 250
Call number suffix LAN
Holdings
Withdrawn status Lost status Not for loan Collection code Home library Current library Date acquired Source of acquisition Cost, normal purchase price Full call number Barcode Copy number Cost, replacement price Koha item type
    Not For Loan Non-fiction D.B.Act.Division D.B.Act.Division 30/07/2010 DBAD/PUB 600.00 250 LAN EN-80962 1 600.00 English Books

© Delhi Public Library
Hit Counter
free hit counter